Countries with the most White People not in Europe - Statistics

General Stats
  • This quiz has been taken 193 times
  • The average score is 13 of 15
Answer Stats
Answer % Correct
Canada
98%
United States
98%
Australia
96%
New Zealand
95%
Brazil
92%
Mexico
92%
Argentina
91%
Chile
86%
South Africa
84%
Colombia
82%
Peru
79%
Venezuela
78%
Uruguay
73%
Cuba
72%
Dominican Republic
53%
No matching quizzes found
Score Distribution
Percent of People with Each Score
Percentile by Number Answered
Your Score History
You have not taken this quiz